书目信息 |
| 题名: |
Authorware 6.5高级应用实例精解
|
|
| 作者: | 邓椿志 编著 | |
| 分册: | ||
| 出版信息: | 北京 清华大学出版社 2003.11 |
|
| 页数: | 394页 | |
| 开本: | 26cm | |
| 丛书名: | ||
| 单 册: | ||
| 中图分类: | TP311.56 | |
| 科图分类: | ||
| 主题词: | 软件 | |
| 电子资源: | ||
| ISBN: | 7-302-07473-9 | |
| 000 | 00681nam0 2200205 450 | |
| 001 | 0860461206 | |
| 005 | 20080229165028.18 | |
| 010 | @a7-302-07473-9@dCNY36.00 | |
| 100 | @a20080229d2003 km y0chiy0120 ea | |
| 101 | 0 | @achi |
| 102 | @aCN@b110000 | |
| 200 | 1 | @aAuthorware 6.5高级应用实例精解@AAuthorware 6.5 gao ji ying yong shi li jing jie@e函数实例集@f邓椿志等编著@Fdeng chun zhi deng bian zhu |
| 210 | @a北京@c清华大学出版社@d2003.11 | |
| 215 | @a394页@d26cm | |
| 517 | 1 | @a函数实例集@Ahan shu shi li ji |
| 606 | 0 | @a软件 |
| 690 | @aTP311.56@v4 | |
| 701 | 0 | @a邓椿志@Adeng chun zhi@4编著 |
| 801 | 0 | @aCN@b大连网信软件有限公司图书馆·11@c20080229 |
| 905 | @aZUCC@dTP311.56@eD260 | |
| Authorware 6.5高级应用实例精解:函数实例集/邓椿志等编著.-北京:清华大学出版社,2003.11 |
| 394页;26cm |
| ISBN 7-302-07473-9:CNY36.00 |
| ● |
| 相关链接 |
|
|
|
正题名:Authorware 6.5高级应用实例精解
索取号:TP311.56/D260
 
预约/预借
| 序号 | 登录号 | 条形码 | 馆藏地/架位号 | 状态 | 备注 |
| 1 | 479078 | 204790789 | 期刊室512/ [索取号:TP311.56/D260] | 在馆 |